Η μεταρρύθμιση που δεν έγινε : (τεκμήρια ιστορίας)

Αποθηκεύτηκε σε:
Λεπτομέρειες βιβλιογραφικής εγγραφής
Άλλοι συγγραφείς: Δημαράς, Αλέξης (Επιμελητής έκδοσης)
Μορφή: Βιβλίο
Γλώσσα:Greek
Δημοσίευση: Αθήνα : Ερμής, 1985-1986 ανατ.
Θέματα:
Ετικέτες: Προσθήκη ετικέτας
Δεν υπάρχουν, Καταχωρήστε ετικέτα πρώτοι!

MARC

LEADER 00000nam a2200000 i 4500
001 1/72047
008 960719m19851986 gre d
035 |a 1986  |c Αγορά  |l 10031129 
035 |a 1987  |c Δωρεά 
040 |a GR-MY-UA  |b gre  |e aacr 
041 0 |a gre 
082 0 |a 379.495 
245 1 2 |a Η μεταρρύθμιση που δεν έγινε :  |b (τεκμήρια ιστορίας) /  |c επιμέλεια Αλέξης Δημαράς 
260 |a Αθήνα :   |b Ερμής,   |c 1985-1986 ανατ. 
300 |a 2 τ. 
505 0 |a τ.1: 1821-1894. - τ.2: 1895-1967 
650 0 0 |a Education and state  |z Greece. 
650 0 0 |a Educational planning  |z Greece. 
650 0 0 |a Education  |z Greece  |x History. 
650 0 0 |a Educational innovations  |z Greece. 
700 1 |a Δημαράς, Αλέξης.  |4 edt 
852 |a INST  |b RHODES  |e 19980305  |h 379.495 ΜΕΤ  |p 005400002404  |q 005400002404  |t BK  |y 620  |z τ.2 
852 |a INST  |b RHODES  |e 19980305  |h 379.495 ΜΕΤ  |p 005400002405  |q 005400002405  |t BK  |y 620  |z τ.1 
852 |a INST  |b RHODES  |e 19980305  |h 379.495 ΜΕΤ  |p 005400002406  |q 005400002406  |t BK  |y 620  |z τ.2 
852 |a INST  |b RHODES  |e 19980305  |h 379.495 ΜΕΤ  |p 005400002407  |q 005400002407  |t BK  |y 620  |z τ.2 
852 |a INST  |b RHODES  |e 19960719  |h 379.495 ΜΕΤ  |p 005400002408  |q 005400002408  |t BK  |y 620  |z τ.1 
852 |a INST  |b RHODES  |e 19980305  |h 379.495 ΜΕΤ  |p 005400002409  |q 005400002409  |t BK  |y 620  |z τ.2 
852 |a INST  |b RHODES  |e 19980305  |h 379.495 ΜΕΤ  |p 005400002410  |q 005400002410  |t BK  |y 620  |z τ.1 
852 |a INST  |b RHODES  |e 19960719  |h 379.495 ΜΕΤ  |p 005400002452  |q 005400002452  |t BK  |y 620  |z τ.2 
852 |a INST  |b RHODES  |e 19960719  |h 379.495 ΜΕΤ  |p 005400002453  |q 005400002453  |t BK  |y 620  |z τ.2 
852 |a INST  |b RHODES  |e 19960719  |h 379.495 ΜΕΤ  |p 005400002454  |q 005400002454  |t BK  |y 620  |z τ.2 
852 |a INST  |b RHODES  |e 19960719  |h 379.495 ΜΕΤ  |p 005400002463  |q 005400002463  |t BK  |y 620  |z τ.2 
852 |a INST  |b RHODES  |e 19960719  |h 379.495 ΜΕΤ  |p 005400002464  |q 005400002464  |t BK  |y 620  |z τ.2 
852 |a INST  |b RHODES  |e 19960719  |h 379.495 ΜΕΤ  |p 005400002465  |q 005400002465  |t BK  |y 620  |z τ.2 
852 |a INST  |b RHODES  |e 19960719  |h 379.495 ΜΕΤ  |p 005400002466  |q 005400002466  |t BK  |y 620  |z τ.1 
852 |a INST  |b RHODES  |e 19960719  |h 379.495 ΜΕΤ  |p 005400002467  |q 005400002467  |t BK  |y 0  |z τ.2 
852 |a INST  |b RHODES  |e 19960719  |h 379.495 ΜΕΤ  |p 005400002468  |q 005400002468  |t BK  |y 620  |z τ.2 
852 |a INST  |b RHODES  |e 19980305  |h 379.495 ΜΕΤ  |p 005400002469  |q 005400002469  |t BK  |y 620  |z τ.2 
852 |a INST  |b RHODES  |e 19980305  |h 379.495 ΜΕΤ  |p 005400002470  |q 005400002470  |t BK  |y 620  |z τ.2 
852 |a INST  |b RHODES  |e 19980305  |h 379.495 ΜΕΤ  |p 005400002471  |q 005400002471  |t BK  |y 620  |z τ.2 
852 |a INST  |b RHODES  |e 19980305  |h 379.495 ΜΕΤ  |p 005400002472  |q 005400002472  |t BK  |y 620  |z τ.2 
852 |a INST  |b RHODES  |e 19980305  |h 379.495 ΜΕΤ  |p 005400002473  |q 005400002473  |t BK  |y 0  |z τ.2 
852 |a INST  |b RHODES  |e 19980305  |h 379.495 ΜΕΤ  |p 005400002474  |q 005400002474  |t BK  |y 620  |z τ.2 
852 |a INST  |b RHODES  |e 19980305  |h 379.495 ΜΕΤ  |p 005400002476  |q 005400002476  |t BK  |y 0  |z τ.2 
852 |a INST  |b RHODES  |e 19980305  |h 379.495 ΜΕΤ  |p 005400007771  |q 005400007771  |t BK  |y 620  |z τ.2 
852 |a INST  |b RHODES  |e 19960719  |h 379.495 ΜΕΤ  |p 005400007772  |q 005400007772  |t BK  |y 620  |z τ.1 
852 |a INST  |b RHODES  |e 19980305  |h 379.495 ΜΕΤ  |p 005400011022  |q 005400011022  |t BK  |y 620  |z τ.2 
852 |a INST  |b RHODES  |e 19980305  |h 379.495 ΜΕΤ  |p 005400011023  |q 005400011023  |t BK  |y 620  |z τ.1 
852 |a INST  |b RHODES  |e 19980305  |h 379.495 ΜΕΤ  |p 005400011024  |q 005400011024  |t BK  |y 620  |z τ.1 
852 |a INST  |b RHODES  |e 19980305  |h 379.495 ΜΕΤ  |p 005400011025  |q 005400011025  |t BK  |y 620  |z τ.1 
852 |a INST  |b RHODES  |e 19980305  |h 379.495 ΜΕΤ  |p 005400011026  |q 005400011026  |t BK  |y 620  |z τ.1 
852 |a INST  |b RHODES  |e 19980305  |h 379.495 ΜΕΤ  |p 005400011027  |q 005400011027  |t BK  |y 620  |z τ.1 
852 |a INST  |b RHODES  |e 19980305  |h 379.495 ΜΕΤ  |p 005400011028  |q 005400011028  |t BK  |y 620  |z τ.1 
852 |a INST  |b RHODES  |e 19980305  |h 379.495 ΜΕΤ  |p 005400011029  |q 005400011029  |t BK  |y 620  |z τ.1 
852 |a INST  |b RHODES  |e 19980305  |h 379.495 ΜΕΤ  |p 005400011030  |q 005400011030  |t BK  |y 620  |z τ.1 
852 |a INST  |b RHODES  |e 19980305  |h 379.495 ΜΕΤ  |p 005400011031  |q 005400011031  |t BK  |y 620  |z τ.1 
852 |a INST  |b RHODES  |e 19980305  |h 379.495 ΜΕΤ  |p 005400011033  |q 005400011033  |t BK  |y 620  |z τ.1 
852 |a INST  |b RHODES  |e 19980305  |h 379.495 ΜΕΤ  |p 005400011034  |q 005400011034  |t BK  |y 620  |z τ.1 
852 |a INST  |b RHODES  |e 19980305  |h 379.495 ΜΕΤ  |p 005400011035  |q 005400011035  |t BK  |y 620  |z τ.1 
852 |a INST  |b RHODES  |e 19980305  |h 379.495 ΜΕΤ  |p 005400011036  |q 005400011036  |t BK  |y 620  |z τ.1 
852 |a INST  |b RHODES  |e 19960719  |h 379.495 ΜΕΤ  |p 005400011037  |q 005400011037  |t BK  |y 620  |z τ.2 
852 |a INST  |b RHODES  |e 19960719  |h 379.495 ΜΕΤ  |p 005400011038  |q 005400011038  |t BK  |y 620  |z τ.1 
852 |a INST  |b RHODES  |e 19960719  |h 379.495 ΜΕΤ  |p 005400011039  |q 005400011039  |t BK  |y 0  |z τ.1 
852 |a INST  |b RHODES  |e 19960719  |h 379.495 ΜΕΤ  |p 005400011040  |q 005400011040  |t BK  |y 0  |z τ.1 
852 |a INST  |b RHODES  |e 19960719  |h 379.495 ΜΕΤ  |p 005400011041  |q 005400011041  |t BK  |y 0  |z τ.1 
852 |a INST  |b RHODES  |e 19960719  |h 379.495 ΜΕΤ  |p 005400011042  |q 005400011042  |t BK  |y 620  |z τ.1 
852 |a INST  |b RHODES  |e 19980305  |h 379.495 ΜΕΤ  |p 005400002404  |q 005400002404  |t BK  |v τ.2:  |y 620  |z τ.2 
852 |a INST  |b RHODES  |e 19980305  |h 379.495 ΜΕΤ  |p 005400002405  |q 005400002405  |t BK  |v τ.1:  |y 620  |z τ.1 
852 |a INST  |b RHODES  |e 19980305  |h 379.495 ΜΕΤ  |p 005400002406  |q 005400002406  |t BK  |v τ.2:  |y 620  |z τ.2 
852 |a INST  |b RHODES  |e 19980305  |h 379.495 ΜΕΤ  |p 005400002407  |q 005400002407  |t BK  |v τ.2:  |y 620  |z τ.2 
852 |a INST  |b RHODES  |e 19960719  |h 379.495 ΜΕΤ  |p 005400002408  |q 005400002408  |t BK  |v τ.1:  |y 620  |z τ.1 
852 |a INST  |b RHODES  |e 19980305  |h 379.495 ΜΕΤ  |p 005400002409  |q 005400002409  |t BK  |v τ.2:  |y 620  |z τ.2 
852 |a INST  |b RHODES  |e 19980305  |h 379.495 ΜΕΤ  |p 005400002410  |q 005400002410  |t BK  |v τ.1:  |y 620  |z τ.1 
852 |a INST  |b RHODES  |e 19960719  |h 379.495 ΜΕΤ  |p 005400002452  |q 005400002452  |t BK  |v τ.2:  |y 620  |z τ.2 
852 |a INST  |b RHODES  |e 19960719  |h 379.495 ΜΕΤ  |p 005400002453  |q 005400002453  |t BK  |v τ.2:  |y 620  |z τ.2 
852 |a INST  |b RHODES  |e 19960719  |h 379.495 ΜΕΤ  |p 005400002454  |q 005400002454  |t BK  |v τ.2:  |y 620  |z τ.2 
852 |a INST  |b RHODES  |e 19960719  |h 379.495 ΜΕΤ  |p 005400002463  |q 005400002463  |t BK  |v τ.2:  |y 620  |z τ.2 
852 |a INST  |b RHODES  |e 19960719  |h 379.495 ΜΕΤ  |p 005400002464  |q 005400002464  |t BK  |v τ.2:  |y 620  |z τ.2 
852 |a INST  |b RHODES  |e 19960719  |h 379.495 ΜΕΤ  |p 005400002465  |q 005400002465  |t BK  |v τ.2:  |y 620  |z τ.2 
852 |a INST  |b RHODES  |e 19960719  |h 379.495 ΜΕΤ  |p 005400002466  |q 005400002466  |t BK  |v τ.1:  |y 620  |z τ.1 
852 |a INST  |b RHODES  |e 19960719  |h 379.495 ΜΕΤ  |p 005400002467  |q 005400002467  |t BK  |v τ.2:  |y 0  |z τ.2 
852 |a INST  |b RHODES  |e 19960719  |h 379.495 ΜΕΤ  |p 005400002468  |q 005400002468  |t BK  |v τ.2:  |y 620  |z τ.2 
852 |a INST  |b RHODES  |e 19980305  |h 379.495 ΜΕΤ  |p 005400002469  |q 005400002469  |t BK  |v τ.2:  |y 620  |z τ.2 
852 |a INST  |b RHODES  |e 19980305  |h 379.495 ΜΕΤ  |p 005400002470  |q 005400002470  |t BK  |v τ.2:  |y 620  |z τ.2 
852 |a INST  |b RHODES  |e 19980305  |h 379.495 ΜΕΤ  |p 005400002471  |q 005400002471  |t BK  |v τ.2:  |y 620  |z τ.2 
852 |a INST  |b RHODES  |e 19980305  |h 379.495 ΜΕΤ  |p 005400002472  |q 005400002472  |t BK  |v τ.2:  |y 620  |z τ.2 
852 |a INST  |b RHODES  |e 19980305  |h 379.495 ΜΕΤ  |p 005400002473  |q 005400002473  |t BK  |v τ.2:  |y 0  |z τ.2 
852 |a INST  |b RHODES  |e 19980305  |h 379.495 ΜΕΤ  |p 005400002474  |q 005400002474  |t BK  |v τ.2:  |y 620  |z τ.2 
852 |a INST  |b RHODES  |e 19980305  |h 379.495 ΜΕΤ  |p 005400002476  |q 005400002476  |t BK  |v τ.2:  |y 0  |z τ.2 
852 |a INST  |b RHODES  |e 19980305  |h 379.495 ΜΕΤ  |p 005400007771  |q 005400007771  |t BK  |v τ.2:  |y 620  |z τ.2 
852 |a INST  |b RHODES  |e 19960719  |h 379.495 ΜΕΤ  |p 005400007772  |q 005400007772  |t BK  |v τ.1:  |y 620  |z τ.1 
852 |a INST  |b RHODES  |e 19980305  |h 379.495 ΜΕΤ  |p 005400011022  |q 005400011022  |t BK  |v τ.2:  |y 620  |z τ.2 
852 |a INST  |b RHODES  |e 19980305  |h 379.495 ΜΕΤ  |p 005400011023  |q 005400011023  |t BK  |v τ.1:  |y 620  |z τ.1 
852 |a INST  |b RHODES  |e 19980305  |h 379.495 ΜΕΤ  |p 005400011024  |q 005400011024  |t BK  |v τ.1:  |y 620  |z τ.1 
852 |a INST  |b RHODES  |e 19980305  |h 379.495 ΜΕΤ  |p 005400011025  |q 005400011025  |t BK  |v τ.1:  |y 620  |z τ.1 
852 |a INST  |b RHODES  |e 19980305  |h 379.495 ΜΕΤ  |p 005400011026  |q 005400011026  |t BK  |v τ.1:  |y 620  |z τ.1 
852 |a INST  |b RHODES  |e 19980305  |h 379.495 ΜΕΤ  |p 005400011027  |q 005400011027  |t BK  |v τ.1:  |y 620  |z τ.1 
852 |a INST  |b RHODES  |e 19980305  |h 379.495 ΜΕΤ  |p 005400011028  |q 005400011028  |t BK  |v τ.1:  |y 620  |z τ.1 
852 |a INST  |b RHODES  |e 19980305  |h 379.495 ΜΕΤ  |p 005400011029  |q 005400011029  |t BK  |v τ.1:  |y 620  |z τ.1 
852 |a INST  |b RHODES  |e 19980305  |h 379.495 ΜΕΤ  |p 005400011030  |q 005400011030  |t BK  |v τ.1:  |y 620  |z τ.1 
852 |a INST  |b RHODES  |e 19980305  |h 379.495 ΜΕΤ  |p 005400011031  |q 005400011031  |t BK  |v τ.1:  |y 620  |z τ.1 
852 |a INST  |b RHODES  |e 19980305  |h 379.495 ΜΕΤ  |p 005400011033  |q 005400011033  |t BK  |v τ.1:  |y 620  |z τ.1 
852 |a INST  |b RHODES  |e 19980305  |h 379.495 ΜΕΤ  |p 005400011034  |q 005400011034  |t BK  |v τ.1:  |y 620  |z τ.1 
852 |a INST  |b RHODES  |e 19980305  |h 379.495 ΜΕΤ  |p 005400011035  |q 005400011035  |t BK  |v τ.1:  |y 620  |z τ.1 
852 |a INST  |b RHODES  |e 19980305  |h 379.495 ΜΕΤ  |p 005400011036  |q 005400011036  |t BK  |v τ.1:  |y 620  |z τ.1 
852 |a INST  |b RHODES  |e 19960719  |h 379.495 ΜΕΤ  |p 005400011037  |q 005400011037  |t BK  |v τ.2:  |y 620  |z τ.2 
852 |a INST  |b RHODES  |e 19960719  |h 379.495 ΜΕΤ  |p 005400011038  |q 005400011038  |t BK  |v τ.1:  |y 620  |z τ.1 
852 |a INST  |b RHODES  |e 19960719  |h 379.495 ΜΕΤ  |p 005400011039  |q 005400011039  |t BK  |v τ.1:  |y 0  |z τ.1 
852 |a INST  |b RHODES  |e 19960719  |h 379.495 ΜΕΤ  |p 005400011040  |q 005400011040  |t BK  |v τ.1:  |y 0  |z τ.1 
852 |a INST  |b RHODES  |e 19960719  |h 379.495 ΜΕΤ  |p 005400011041  |q 005400011041  |t BK  |v τ.1:  |y 0  |z τ.1 
852 |a INST  |b RHODES  |e 19960719  |h 379.495 ΜΕΤ  |p 005400011042  |q 005400011042  |t BK  |v τ.1:  |y 620  |z τ.1 
853 |a INST  |b RHODES  |h 379.495 ΜΕΤ 
909 |a Ρ  |b 004231  |c 1987 
909 |a Ρ  |b 004232  |c 1987 
909 |a Ρ  |b 004233  |c 1987 
909 |a Ρ  |b 004234  |c 1987 
909 |a Ρ  |b 004235  |c 1987 
909 |a Ρ  |b 004236  |c 1987 
909 |a Ρ  |b 004237  |c 1987 
909 |a Ρ  |b 004238  |c 1987 
909 |a Ρ  |b 004239  |c 1987 
909 |a Ρ  |b 004240  |c 1987 
909 |a Ρ  |b 004298  |c 1987 
909 |a Ρ  |b 004299  |c 1987 
909 |a Ρ  |b 004300  |c 1987 
909 |a Ρ  |b 004301  |c 1987 
909 |a Ρ  |b 004302  |c 1987 
909 |a Ρ  |b 004303  |c 1987 
909 |a Ρ  |b 004304  |c 1987 
909 |a Ρ  |b 004305  |c 1987 
909 |a Ρ  |b 004306  |c 1987 
909 |a Ρ  |b 004307  |c 1987 
909 |a Ρ  |b 004308  |c 1987 
909 |a Ρ  |b 004309  |c 1987 
909 |a Ρ  |b 004310  |c 1990 
909 |a Ρ  |b 004311  |c 1987 
909 |a Ρ  |b 004312  |c 1987 
909 |a Ρ  |b 004313  |c 1987 
909 |a Ρ  |b 004314  |c 1987 
909 |a Ρ  |b 004315  |c 1987 
909 |a Ρ  |b 004316  |c 1987 
909 |a Ρ  |b 004317  |c 1987 
909 |a Ρ  |b 004318  |c 1987 
909 |a Ρ  |b 004319  |c 1987 
909 |a Ρ  |b 004320  |c 1987 
909 |a Ρ  |b 004321  |c 1987 
909 |a Ρ  |b 004322  |c 1987 
909 |a Ρ  |b 004323  |c 1987 
909 |a Ρ  |b 004324  |c 1987 
909 |a Ρ  |b 004325  |c 1987 
909 |a Ρ  |b 004326  |c 1987 
909 |a Ρ  |b 004327  |c 1987 
909 |a Ρ  |b 005487  |c 1986 
909 |a Ρ  |b 005488  |c 1986 
909 |a Ρ  |b 006500  |c 1987 
909 |a Ρ  |b 006501  |c 1987